000 00793nam a2200217 i 4500
001 143906
003 ES-MaACL
005 20250716062535.0
007 t|
008 070214s1924 fr r ||||1| fre d
100 1 _aShakespeare, William,
_d1564-1616
_9105992
245 1 0 _aTroïlus et Cressida /
_c[par Shakespeare] ; traduction de René Lalou [et texte anglais d'après l'ancienne édition `Cambridge`].
260 _aParis :
_bJ.-M. Dent et fils,
_c1924 (
_eAnvers [Bélgica] :
_fFlor Burton)
300 _a267 p. ;
_c15 cm.
490 1 _aCol. Shakespeare, texte et traduction
500 _aTexto bilingüe en francés e inglés.
700 1 _aLalou, René.
_969741
830 0 _aCol. Shakespeare, texte et traduction
_9187295
852 _aES-MaACL
_jA-2582
999 _c143906
_d143906